000 01240nam a2200229Ia 4500
001 L235-46194
003 IT-CnALBA
008 170116s9999||||xx |||||||||||||| ||und||
040 _aIT-CnALBA
_cIT-CnALBA
041 _aITALIANO
100 _aMARCUCCI P. FRANCESCO
245 0 _aORAZIONE PER L'IMMACOLATA CONCEZIONE DI MARIA SEMPRE VERGINE.
250 _a1a ed.
260 _a BRESCIA ROMA
_bMONFORTANE EDIZIONI
_c1998 [1° Ed.:1998 - Ed.Ling.Originale: 1998]
300 _a137 p.
500 _aPRESENTAZIONE. RIPRODUZIONE ANASTATICA DELL'ORAZIONE... POSTILLE E LETTERE. DISSERTAZIONE. PARISANI F. A. BIGLIETTO. STUDI MARIOLOGICI, MONSIGNOR MARCUCCI E LA DEVOZIONE ALL'IMMACOLATA NELLA ZONA DI ASCOLI. LETTURA STRUTTURALE CULTURALE E MARIOLOGICA DELL
501 _aSocietà San Paolo EM - Piazza San Paolo, 14 - 12051 ALBA (CN) (non commercial uses only) ® Copyright 2017
520 _aPRESENTAZIONE. RIPRODUZIONE ANASTATICA DELL'ORAZIONE... POSTILLE E LETTERE. DISSERTAZIONE. PARISANI F. A. BIGLIETTO. STUDI MARIOLOGICI, MONSIGNOR MARCUCCI E LA DEVOZIONE ALL'IMMACOLATA NELLA ZONA DI ASCOLI. LETTURA STRUTTURALE CULTURALE E MARIOLOGICA DELL
650 _aMARIA SS. ANGELI SANTI DEMONI
942 _cBK
957 _71
999 _a52455
_bNO
_g Copie: 1
_c305133
_d305133